000 03427nkm0a2200505 4500
001 RU\NLR\bibl\2085084
005 20250806203917.0
020 _aRU
_b365[60]
_9ЛЕНИНГРАД В ВЕЛИКОЙ ОТЕЧЕСТВЕННОЙ ВОЙНЕ: Печать Ленинграда, 1941 - 1945: каталог изданий, хранящихся в фондах Государственной Публичной библиотеки, вып.2. Листовки,плакаты,открытки,альбомы/Гос.публ.б-ка им.М.Е.Салтыкова-Щедрина. - Ленинград,1972
035 _a(NLR Aleph) 010196757
090 _a76334
_c76334
100 _a20131107j1944 u y0rusy50 ca
101 0 _arus
102 _aRU
105 _ay z |||||
135 _acrcn 024apada
200 1 _aБюллетень для печатных газет соединений и кораблей КБФ и для местного радиовещания
_fПолит. упр. Краснознам. Балт. флота
_gотв. ред.: Е. Ковалерчук
_hN° 60
_iВторой гвардейский
_e(Справка)
210 _a[Ленинград]
_d1944, апр., 3
215 _a1 с. в 2 стб.
_d20х12
300 _aВ части номеров загл.: Бюллетень для печатных газет соединений и кораблей КБФ
325 _aКопия доступна в Электрон. б-ке РНБ http://vivaldi.nlr.ru/ll000074473/view
327 1 _aО дивизионе сторожевых катеров под командованием кап. 3 ранга Зюзина
337 _aЭлектронная копия доступна в Электронной библиотеке РНБ
517 1 _aБюллетень для печатных газет соединений и кораблей КБФ
540 1 _aО дивизионе сторожевых катеров под командованием кап. 3 ранга Зюзина
606 1 _aБлокада Ленинграда
_z1941 - 1944
_jЛистовки
_2nlr_sh1
_2nlr_sh2
_3RU\NLR\AUTH\661253360
686 _aТ3(2)722.721,011
686 _aЦ35(2)722.11(2Р-4Ле-2Ленинград)-66,011
702 1 _aКовалерчук
_bЕ. С.
_gЕфим Семенович
_3RU\NLR\AUTH\770126847
_4340
702 1 _aЗюзин
_bС. Д.
_f1911-1994
_gСергей Дмитриевич
_3RU\NLR\AUTH\770134558
_4570
711 0 2 _aБалтийский флот
_3RU\NLR\AUTH\8810005535
712 0 2 _aБалтийский флот
_bПолитическое управление
_3RU\NLR\AUTH\8810005574
_4570
801 0 _aRU
_bNLR
_c19720101
_gPSBO
801 1 _aRU
_bNLR
_c20131107
_gRCR
852 _aNLR
_bЛ3-330л
_j7/2-32-1944(60)
856 0 _uhttp://vivaldi.nlr.ru/ll000074473/view
856 1 _uhttp://vivaldi.nlr.ru/ll000074473/cover
856 2 _uhttp://vivaldi.nlr.ru/ll000074473/text
942 _cVISUAL
945 _aРоссийская национальная библиотека
980 _aBV
981 3 7 _a(37) Ленинград в Великой Отечественной войне
_b(37) Листовки блокадного Ленинграда
981 2 1 _a(21) Листовки
_b(21) Листовки блокадного Ленинграда